000 00334cam a22000977a 4500
008 180718b-- xxu||||| |||| 00| 0 eng d
082 _aA6x675 C76
245 _aBelgion Congo
260 _aBrussels
_bThe Belgion Congo and Ruanda-Urundi Information and Public Relations Office
_c--
500 _aLibrary has v.1. 1959. 547+p; v.2. 1960. 187+p.
999 _c389618
_d389618